[Event "XVI. DBMM Schach"]
[Site "Dresden"]
[Date "2016.11.05"]
[Round "6.3"]
[White "Kuestermann, Dieter"]
[Black "Heinig, Juergen"]
[Result "0-1"]
[WhiteElo "1960"]
[BlackElo "1935"]
[Annotator "br"]
[PlyCount "88"]
[EventDate "2016.11.??"]
[SourceTitle "XVI. DBMM 2016"]
[Source "FV Schach e.V."]
[SourceDate "2017.06.14"]
[SourceVersion "1"]
[SourceVersionDate "2017.06.14"]
[SourceQuality "1"]
[WhiteTeam "Westf. Provinzial-Versicherung Muenster"]
[BlackTeam "Europark Altenberg"]
[WhiteTeamCountry "GER"]
[BlackTeamCountry "GER"]

1. e4 e6 2. d4 d5 3. Nc3 Bb4 4. e5 c5 5. a3 Bxc3+ 6. bxc3 Ne7 7. Nf3 Nbc6 8.
Be2 Qc7 9. O-O Bd7 10. Be3 c4 11. Nd2 O-O-O 12. Bg5 h6 13. Bh4 Rdf8 14. Bg3 Nf5
15. Bxc4 Nxg3 16. fxg3 dxc4 17. Nxc4 Nd8 18. Nd6+ Kb8 19. Qd3 f5 20. a4 Nf7 21.
Nc4 Rc8 22. Nd6 Nxd6 23. exd6 Qxd6 24. Rfb1 Bc6 25. Rb4 Qd5 26. Qd2 Rhd8 27.
Rab1 Ka8 28. Qf2 e5 29. Rd1 Qa2 30. Qxf5 a5 31. Rbb1 Qd5 32. Qf1 Bxa4 33. Ra1
Bxc2 34. c4 Rxc4 35. Rd2 exd4 36. Rf2 Rc5 37. Qe1 d3 38. Qd2 Qd4 39. Rxa5+ Rxa5
40. Qxa5+ Kb8 41. Kf1 d2 42. Rxd2 Rf8+ 43. Ke1 Qg1+ 44. Ke2 Qf2# 0-1

[Event "XVI. DBMM Schach"]
[Site "Dresden"]
[Date "2016.11.05"]
[Round "6.4"]
[White "Wuenschmann, Bernd"]
[Black "Keller, Hansjuergen"]
[Result "1/2-1/2"]
[WhiteElo "1858"]
[BlackElo "1709"]
[Annotator "br"]
[PlyCount "55"]
[EventDate "2016.11.??"]
[SourceTitle "XVI. DBMM 2016"]
[Source "FV Schach e.V."]
[SourceDate "2017.06.14"]
[SourceVersion "1"]
[SourceVersionDate "2017.06.14"]
[SourceQuality "1"]
[WhiteTeam "Europark Altenberg"]
[BlackTeam "Westf. Provinzial-Versicherung Muenster"]
[WhiteTeamCountry "GER"]
[BlackTeamCountry "GER"]

1. b4 e6 2. Bb2 Nf6 3. a3 d5 4. d4 Be7 5. e3 O-O 6. Nd2 b6 7. c4 dxc4 8. Nxc4
Bb7 9. Nf3 Nbd7 10. Be2 Ne4 11. O-O Nd6 12. Ncd2 Bf6 13. Qc2 c5 14. dxc5 Bxb2
15. Qxb2 bxc5 16. bxc5 Nxc5 17. Qb4 Qb6 18. Rfc1 Rfc8 19. Rcb1 Rab8 20. Qd4 Qc6
21. a4 Nf5 22. Qf4 Qd7 23. a5 Qd6 24. Qxd6 Nxd6 25. Nd4 Ba6 26. Rxb8 Rxb8 27.
Bf3 Rb2 28. Rd1 1/2-1/2

[Event "XVI. DBMM Schach"]
[Site "Dresden"]
[Date "2016.11.05"]
[Round "6.1"]
[White "Walther, Hans Wolfgang"]
[Black "Mielke, Sven"]
[Result "1-0"]
[WhiteElo "2033"]
[BlackElo "2115"]
[Annotator "br"]
[PlyCount "81"]
[EventDate "2016.11.??"]
[SourceTitle "XVI. DBMM 2016"]
[Source "FV Schach e.V."]
[SourceDate "2017.06.14"]
[SourceVersion "1"]
[SourceVersionDate "2017.06.14"]
[SourceQuality "1"]
[WhiteTeam "Deutsche Bahn/BSW Berlin II"]
[BlackTeam "SV Osram Berlin II"]
[WhiteTeamCountry "GER"]
[BlackTeamCountry "GER"]

1. d4 d5 2. c4 e6 3. Nc3 Nf6 4. Bg5 Nbd7 5. cxd5 exd5 6. e3 c6 7. Bd3 Be7 8.
Qc2 O-O 9. Nge2 Re8 10. h3 Nf8 11. O-O-O Nh5 12. Bxe7 Qxe7 13. g4 Nf6 14. Ng3
Kh8 15. g5 Ng8 16. h4 Bg4 17. Be2 Bxe2 18. Qxe2 b5 19. Kb1 a5 20. Rc1 a4 21.
Qd3 Rec8 22. Nf5 Qe6 23. Ne2 Qe4 24. Qxe4 dxe4 25. Nd6 Rc7 26. Nxb5 Rd7 27.
Rxc6 Ne7 28. Rc7 Nd5 29. Rxd7 Nxd7 30. Nd6 f5 31. Nc3 Nxc3+ 32. bxc3 g6 33. Kc2
Ra6 34. Nb5 Nb6 35. Na3 Nd5 36. Rb1 Rc6 37. c4 f4 38. Kd2 fxe3+ 39. fxe3 Nb6
40. Rb4 h6 41. c5 1-0

[Event "XVI. DBMM Schach"]
[Site "Dresden"]
[Date "2016.11.05"]
[Round "6.2"]
[White "Mueller, Gerd"]
[Black "Stahr, Ralf Peter"]
[Result "1-0"]
[WhiteElo "1837"]
[BlackElo "2018"]
[Annotator "br"]
[PlyCount "43"]
[EventDate "2016.11.??"]
[SourceTitle "XVI. DBMM 2016"]
[Source "FV Schach e.V."]
[SourceDate "2017.06.14"]
[SourceVersion "1"]
[SourceVersionDate "2017.06.14"]
[SourceQuality "1"]
[WhiteTeam "SV Osram Berlin II"]
[BlackTeam "Deutsche Bahn/BSW Berlin II"]
[WhiteTeamCountry "GER"]
[BlackTeamCountry "GER"]

1. c4 c5 2. Nf3 Nc6 3. Nc3 g6 4. d4 cxd4 5. Nxd4 Bg7 6. e3 Nf6 7. Be2 O-O 8.
O-O d5 9. cxd5 Nxd5 10. Nxd5 Nxd4 11. Nxe7+ Qxe7 12. exd4 Rd8 13. d5 Be6 14.
Bf3 Qc5 15. Bg5 Rd7 16. Qa4 b5 17. Rac1 Qxc1 18. Rxc1 bxa4 19. dxe6 Rdd8 20. e7
Re8 21. Bxa8 Rxa8 22. Rd1 1-0

[Event "XVI. DBMM Schach"]
[Site "Dresden"]
[Date "2016.11.05"]
[Round "6.3"]
[White "Fitzke, Ulrich"]
[Black "Hildebrand, Gerald"]
[Result "0-1"]
[WhiteElo "1898"]
[BlackElo "2180"]
[Annotator "gh"]
[PlyCount "96"]
[EventDate "2016.11.??"]
[SourceTitle "XVI. DBMM 2016"]
[Source "FV Schach e.V."]
[SourceDate "2017.06.14"]
[SourceVersion "1"]
[SourceVersionDate "2017.06.14"]
[SourceQuality "1"]
[WhiteTeam "Deutsche Bahn/BSW Berlin II"]
[BlackTeam "SV Osram Berlin II"]
[WhiteTeamCountry "GER"]
[BlackTeamCountry "GER"]

1. d4 d5 2. c4 e6 3. Nc3 c6 4. e3 Nf6 5. Nf3 Bd6 6. Bd3 Nbd7 7. O-O O-O 8. b3
Re8 9. Bb2 dxc4 10. Bxc4 b5 11. Bd3 e5 12. dxe5 Nxe5 13. Be2 Bf5 14. Nd4 Bc8
15. h3 Bb7 16. Rc1 Rc8 17. Nf3 Qe7 18. Nb1 Red8 19. Qc2 Nd5 20. a3 a6 21. Rfd1
Nd7 22. b4 c5 23. bxc5 Nxc5 24. Qf5 Ne4 25. Bd3 Ndf6 26. Rxc8 Bxc8 27. Bxf6
Nxf6 28. Qg5 h6 29. Qh4 Bxa3 30. Nxa3 Qxa3 31. Bh7+ Kxh7 32. Rxd8 Bf5 33. Qf4
Bg6 34. g4 b4 35. Ne5 Be4 36. Rd1 Bc2 37. Rf1 b3 38. Qc4 Qe7 39. Nd3 Ne4 40.
Qxa6 Nd2 41. Ra1 Nf3+ 42. Kh1 Qe4 43. Nf4 b2 44. Qa8 Qxa8 45. Rxa8 b1=Q+ 46.
Kg2 Be4 47. Kg3 Qg1+ 48. Ng2 Qh2# 0-1

[Event "XVI. DBMM Schach"]
[Site "Dresden"]
[Date "2016.11.05"]
[Round "6.4"]
[White "Riess, Bernhard"]
[Black "Strauss, Peter"]
[Result "0-1"]
[WhiteElo "1567"]
[BlackElo "1803"]
[Annotator "br"]
[PlyCount "112"]
[EventDate "2016.11.??"]
[SourceTitle "XVI. DBMM 2016"]
[Source "FV Schach e.V."]
[SourceDate "2017.06.14"]
[SourceVersion "1"]
[SourceVersionDate "2017.06.14"]
[SourceQuality "1"]
[WhiteTeam "SV Osram Berlin II"]
[BlackTeam "Deutsche Bahn/BSW Berlin II"]
[WhiteTeamCountry "GER"]
[BlackTeamCountry "GER"]

1. d4 d5 2. c4 e6 3. Nc3 c6 4. cxd5 exd5 5. Nf3 Nf6 6. Bg5 Be7 7. e3 Bf5 8. Bd3
Bxd3 9. Qxd3 Nbd7 10. O-O h6 11. Bh4 O-O 12. Rac1 Re8 13. a3 Ne4 14. Bxe7 Qxe7
15. b4 Nxc3 16. Rxc3 a6 17. Rfc1 Nf6 18. Nd2 Rad8 19. h3 Qd6 20. Nb3 Re7 21.
Nc5 Rde8 22. Nxb7 Rxb7 23. Rxc6 Qd7 24. Qxa6 Ra7 25. Qb6 Rxa3 26. Rc7 Qa4 27.
Rc8 Ra1 28. Rxe8+ Nxe8 29. Rxa1 Qxa1+ 30. Kh2 Qc3 31. Qd8 Qc7+ 32. Qxc7 Nxc7
33. Kg3 Kf8 34. Kf4 g6 35. f3 Ke7 36. e4 Kd6 37. g4 Ne6+ 38. Ke3 g5 39. b5 Nf4
40. b6 Kc6 41. b7 Kxb7 42. exd5 Kc7 43. Ke4 Kd6 44. Kf5 Nxd5 45. Ke4 Ke6 46.
Kd3 Nf4+ 47. Ke4 Nxh3 48. d5+ Kd6 49. Kf5 Kxd5 50. Kf6 Kd4 51. Kxf7 Ke3 52. Kg6
Kxf3 53. Kxh6 Kxg4 54. Kg6 Kf4 55. Kh5 g4 56. Kh4 Nf2 0-1

[Event "XVI. DBMM Schach"]
[Site "Dresden"]
[Date "2016.11.05"]
[Round "6.1"]
[White "Feikes, Joerg"]
[Black "Choinowski, Gustav"]
[Result "0-1"]
[WhiteElo "1968"]
[BlackElo "2088"]
[Annotator "jf"]
[PlyCount "72"]
[EventDate "2016.11.??"]
[SourceTitle "XVI. DBMM 2016"]
[Source "FV Schach e.V."]
[SourceDate "2017.06.14"]
[SourceVersion "1"]
[SourceVersionDate "2017.06.14"]
[SourceQuality "1"]
[WhiteTeam "BA Tempelhof Berlin"]
[BlackTeam "RAPID Unilever Hamburg"]
[WhiteTeamCountry "GER"]
[BlackTeamCountry "GER"]

1. e4 c5 2. Nc3 Nc6 3. g3 g6 4. Bg2 Bg7 5. d3 Nf6 6. Be3 d6 7. h3 e5 8. f4 Nh5
9. Nge2 Nd4 10. O-O exf4 11. gxf4 Nxe2+ 12. Nxe2 Bxb2 13. Rb1 Bg7 14. e5 O-O
15. Bxb7 Bxh3 16. Bxa8 Bxf1 17. Qxf1 Qxa8 18. exd6 Qd5 19. Rb5 Rc8 20. d7 Qxd7
21. Rxc5 Re8 22. Qf3 Qe7 23. Bf2 h6 24. Nc3 Bxc3 25. Rxc3 Qf6 26. Rc4 Qa1+ 27.
Kh2 Qxa2 28. f5 Qa5 29. Rc5 Qd8 30. fxg6 fxg6 31. Qg4 Qd6+ 32. Kg1 Kh7 33. Rc8
Re7 34. Rc4 Rf7 35. Bd4 Rf4 36. Qc8 Rxd4 0-1

[Event "XVI. DBMM Schach"]
[Site "Dresden"]
[Date "2016.11.05"]
[Round "6.2"]
[White "Kolipost, Mirko"]
[Black "Kettenburg, Stefan"]
[Result "0-1"]
[WhiteElo "1694"]
[BlackElo "2063"]
[Annotator "br"]
[PlyCount "69"]
[EventDate "2016.11.??"]
[SourceTitle "XVI. DBMM 2016"]
[Source "FV Schach e.V."]
[SourceDate "2017.06.14"]
[SourceVersion "1"]
[SourceVersionDate "2017.06.14"]
[SourceQuality "1"]
[WhiteTeam "RAPID Unilever Hamburg"]
[BlackTeam "BA Tempelhof Berlin"]
[WhiteTeamCountry "GER"]
[BlackTeamCountry "GER"]

1. e4 c6 2. d4 d5 3. Nc3 dxe4 4. Nxe4 Nd7 5. Nf3 Ngf6 6. Nxf6+ Nxf6 7. h3 e6 8.
Bd3 Qc7 9. O-O Bd6 10. Re1 b6 11. a4 Bb7 12. Ne5 Rd8 13. c3 c5 14. Bg5 h6 15.
Bxf6 gxf6 16. Bb5+ Ke7 17. Nxf7 Kxf7 18. Qh5+ Kf8 19. Rxe6 Qf7 20. Qf5 Bc8 21.
Qxf6 Qxf6 22. Rxf6+ Kg7 23. Rf3 Bb7 24. Rf5 Be4 25. Rh5 cxd4 26. cxd4 Rhf8 27.
Re1 Bg6 28. Rh4 h5 29. d5 Bc5 30. Re2 Rxd5 31. b4 Rd1+ 32. Kh2 Bxf2 33. Rc4 h4
34. Re7+ Kh6 35. Rxa7 0-1

[Event "XVI. DBMM Schach"]
[Site "Dresden"]
[Date "2016.11.05"]
[Round "6.3"]
[White "Neumann, Christian"]
[Black "Bissinger, Gerhard"]
[Result "1/2-1/2"]
[WhiteElo "1945"]
[BlackElo "1608"]
[Annotator "br"]
[PlyCount "54"]
[EventDate "2016.11.??"]
[SourceTitle "XVI. DBMM 2016"]
[Source "FV Schach e.V."]
[SourceDate "2017.06.14"]
[SourceVersion "1"]
[SourceVersionDate "2017.06.14"]
[SourceQuality "1"]
[WhiteTeam "BA Tempelhof Berlin"]
[BlackTeam "RAPID Unilever Hamburg"]
[WhiteTeamCountry "GER"]
[BlackTeamCountry "GER"]

1. d4 d5 2. c4 e6 3. Bf4 Nf6 4. Nf3 c5 5. Nc3 cxd4 6. Nxd4 a6 7. cxd5 Nxd5 8.
Nxd5 exd5 9. Qa4+ Qd7 10. Qb3 Nc6 11. Nc2 Bd6 12. Bd2 Qe7 13. Qxd5 Be6 14. Qf3
Rc8 15. Bc3 Nb4 16. Nxb4 Bxb4 17. e4 O-O 18. Be2 Bxc3+ 19. bxc3 Bc4 20. Qe3
Rfe8 21. f3 f5 22. Qd2 Bxe2 23. Kxe2 Rcd8 24. Qc2 fxe4 25. fxe4 Qxe4+ 26. Qxe4
Rxe4+ 27. Kf3 Rc4 1/2-1/2

[Event "XVI. DBMM Schach"]
[Site "Dresden"]
[Date "2016.11.05"]
[Round "6.4"]
[White "Kazemi Sresht, Rashid"]
[Black "Baranowsky, Peter"]
[Result "0-1"]
[WhiteElo "1743"]
[BlackElo "2009"]
[Annotator "pb"]
[PlyCount "118"]
[EventDate "2016.11.??"]
[SourceTitle "XVI. DBMM 2016"]
[Source "FV Schach e.V."]
[SourceDate "2017.06.14"]
[SourceVersion "1"]
[SourceVersionDate "2017.06.14"]
[SourceQuality "1"]
[WhiteTeam "RAPID Unilever Hamburg"]
[BlackTeam "BA Tempelhof Berlin"]
[WhiteTeamCountry "GER"]
[BlackTeamCountry "GER"]

1. e4 c6 2. d4 d5 3. Nd2 dxe4 4. Nxe4 Bf5 5. Ng3 Bg6 6. Nf3 Nd7 7. Nh4 Qc7 8.
Nxg6 hxg6 9. Be3 Ngf6 10. Bc4 e6 11. Qf3 Bd6 12. O-O-O Nb6 13. Bb3 a5 14. a3
Nbd5 15. Bd2 a4 16. Bxd5 cxd5 17. h3 Rc8 18. Qd3 Bxg3 19. fxg3 Ne4 20. Qb5+ Qc6
21. Qxc6+ Rxc6 22. Be1 f5 23. Kb1 Kd7 24. Rf1 Rhc8 25. c3 g5 26. Rf3 Kd6 27. g4
f4 28. Rfd3 Rh8 29. Rf3 Rc7 30. Rdd3 Kc6 31. Ka2 Kb5 32. b3 axb3+ 33. Kxb3 Ra8
34. Rd1 b6 35. Ra1 Rca7 36. Ra2 Kc6 37. Rd3 b5 38. Rf3 Ra4 39. Rd3 Nd6 40. Bd2
Nc4 41. Bc1 Kd6 42. g3 e5 43. gxf4 Na5+ 44. Kc2 e4 45. Rd1 gxf4 46. Bxf4+ Ke6
47. Rb1 Rf8 48. Bg3 Rf3 49. Be1 Rxh3 50. Rxb5 Rh2+ 51. Kb1 Rxa2 52. Kxa2 Nc4
53. Rb3 Kf6 54. Bh4+ Kg6 55. Be7 Ra7 56. Bc5 Rf7 57. Rb5 e3 58. Bb6 Rf2+ 59.
Kb3 Rb2+ 0-1

[Event "XVI. DBMM Schach"]
[Site "Dresden"]
[Date "2016.11.05"]
[Round "6.1"]
[White "Bangert, Udo"]
[Black "Hohlfeld, Wolfgang"]
[Result "0-1"]
[WhiteElo "1905"]
[BlackElo "2102"]
[Annotator "br"]
[PlyCount "84"]
[EventDate "2016.11.??"]
[SourceTitle "XVI. DBMM 2016"]
[Source "FV Schach e.V."]
[SourceDate "2017.06.14"]
[SourceVersion "1"]
[SourceVersionDate "2017.06.14"]
[SourceQuality "1"]
[WhiteTeam "SG Stern Stuttgart"]
[BlackTeam "Baubehoerde Hamburg"]
[WhiteTeamCountry "GER"]
[BlackTeamCountry "GER"]

1. e4 c5 2. Nf3 d6 3. d4 cxd4 4. Nxd4 Nf6 5. Nc3 g6 6. Be2 Bg7 7. Be3 Nc6 8.
Nb3 O-O 9. f4 Be6 10. O-O Na5 11. Kh1 Nc4 12. Bxc4 Bxc4 13. Re1 b6 14. Bd4 Rc8
15. Qf3 Qd7 16. h3 Ba6 17. Rad1 Bb7 18. Qf2 Rc4 19. Rd2 Rfc8 20. Rde2 e5 21.
fxe5 dxe5 22. Bxe5 Ng4 23. hxg4 Bxe5 24. Nd5 Bxb2 25. Rd1 Qe6 26. Nd4 Rxd4 27.
Rxd4 Bxd4 28. Qxd4 Bxd5 29. Qxd5 Qxg4 30. Rd2 Re8 31. Rd4 Qh4+ 32. Kg1 Qe1+ 33.
Kh2 Qc3 34. e5 Qxc2 35. Rf4 Qc7 36. Re4 Qe7 37. g3 Qe6 38. Qb7 Qxa2+ 39. Kh3
Qe6+ 40. Kh4 Re7 41. Qa8+ Kg7 42. Kg5 Qf5+ 0-1

[Event "XVI. DBMM Schach"]
[Site "Dresden"]
[Date "2016.11.05"]
[Round "6.2"]
[White "Hein, Ralf"]
[Black "Wepfer, Bernd"]
[Result "0-1"]
[WhiteElo "2047"]
[BlackElo "1887"]
[Annotator "br"]
[PlyCount "78"]
[EventDate "2016.11.??"]
[SourceTitle "XVI. DBMM 2016"]
[Source "FV Schach e.V."]
[SourceDate "2017.06.14"]
[SourceVersion "1"]
[SourceVersionDate "2017.06.14"]
[SourceQuality "1"]
[WhiteTeam "Baubehoerde Hamburg"]
[BlackTeam "SG Stern Stuttgart"]
[WhiteTeamCountry "GER"]
[BlackTeamCountry "GER"]

1. c4 g6 2. Nc3 Bg7 3. g3 c5 4. Bg2 Nc6 5. d3 d6 6. e4 e5 7. Nge2 Nge7 8. O-O
O-O 9. a3 a5 10. Nb5 f5 11. Bd2 h6 12. Rb1 Be6 13. f4 Rb8 14. b4 axb4 15. axb4
b6 16. Rb3 fxe4 17. Bxe4 d5 18. cxd5 Bxd5 19. Rb1 Bxe4 20. dxe4 Qd3 21. Nc7
Rfd8 22. b5 Qxd2 23. Qb3+ Kh8 24. bxc6 Qxe2 25. Rbe1 c4 26. Qa3 Qc2 27. Rc1 Qb3
28. Qxb3 cxb3 29. Ne6 Rd2 30. c7 Ra8 31. f5 Rda2 32. c8=Q+ Rxc8 33. Rxc8+ Kh7
34. Nf8+ Bxf8 35. fxg6+ Kxg6 36. Rfxf8 Ra1+ 37. Rf1 Rxf1+ 38. Kxf1 b2 39. Rc6+
Kf7 0-1

[Event "XVI. DBMM Schach"]
[Site "Dresden"]
[Date "2016.11.05"]
[Round "6.3"]
[White "Molzan, Andreas"]
[Black "Kaliski, Achim"]
[Result "0-1"]
[WhiteElo "1255"]
[BlackElo "1976"]
[Annotator "br"]
[PlyCount "56"]
[EventDate "2016.11.??"]
[SourceTitle "XVI. DBMM 2016"]
[Source "FV Schach e.V."]
[SourceDate "2017.06.14"]
[SourceVersion "1"]
[SourceVersionDate "2017.06.14"]
[SourceQuality "1"]
[WhiteTeam "SG Stern Stuttgart"]
[BlackTeam "Baubehoerde Hamburg"]
[WhiteTeamCountry "GER"]
[BlackTeamCountry "GER"]

1. e4 e5 2. Nf3 Nf6 3. Nc3 Nc6 4. Bc4 Nxe4 5. Nxe4 d5 6. Bxd5 Qxd5 7. Nc3 Qa5
8. d3 Bg4 9. h3 Bh5 10. g4 Bg6 11. Bd2 O-O-O 12. Ne4 Qd5 13. Nc3 Qd7 14. Qe2
Bb4 15. O-O-O Rhe8 16. Nh4 Nd4 17. Qe1 Bxc3 18. Bxc3 Qa4 19. Bxd4 exd4 20. Qf1
Qxa2 21. Kd2 Qxb2 22. Rb1 Qc3+ 23. Kc1 Re6 24. Qg2 Rc6 25. Rb2 Bxd3 26. f4 Re8
27. Nf3 Re2 28. Re1 Rxe1+ 0-1

[Event "XVI. DBMM Schach"]
[Site "Dresden"]
[Date "2016.11.05"]
[Round "6.4"]
[White "Raum, Norbert"]
[Black "Salomon, Hendrik"]
[Result "1-0"]
[WhiteElo "1816"]
[BlackElo "1200"]
[Annotator "br"]
[PlyCount "39"]
[EventDate "2016.11.??"]
[SourceTitle "XVI. DBMM 2016"]
[Source "FV Schach e.V."]
[SourceDate "2017.06.14"]
[SourceVersion "1"]
[SourceVersionDate "2017.06.14"]
[SourceQuality "1"]
[WhiteTeam "Baubehoerde Hamburg"]
[BlackTeam "SG Stern Stuttgart"]
[WhiteTeamCountry "GER"]
[BlackTeamCountry "GER"]

1. Nc3 d5 2. e4 dxe4 3. Nxe4 Nc6 4. Nf3 g6 5. c3 Bg7 6. d4 Nf6 7. Nxf6+ exf6 8.
Be3 O-O 9. Qd2 Bg4 10. Be2 Na5 11. b3 Qe7 12. O-O Rfd8 13. h3 Be6 14. Bh6 Bd5
15. Bxg7 Kxg7 16. Rfe1 Rd6 17. c4 Nc6 18. cxd5 Nd8 19. Bb5 Qf8 20. Re8 1-0

[Event "XVI. DBMM Schach"]
[Site "Dresden"]
[Date "2016.11.05"]
[Round "6.1"]
[White "Warnest, Stefan"]
[Black "Meyer, Jens Uwe"]
[Result "1/2-1/2"]
[WhiteElo "1467"]
[BlackElo "2063"]
[Annotator "br"]
[PlyCount "77"]
[EventDate "2016.11.??"]
[SourceTitle "XVI. DBMM 2016"]
[Source "FV Schach e.V."]
[SourceDate "2017.06.14"]
[SourceVersion "1"]
[SourceVersionDate "2017.06.14"]
[SourceQuality "1"]
[WhiteTeam "BA Tempelhof Berlin III"]
[BlackTeam "SG Stern Ludwigsfelde"]
[WhiteTeamCountry "GER"]
[BlackTeamCountry "GER"]

1. e4 d5 2. exd5 Qxd5 3. Nc3 Qd6 4. d4 Nf6 5. Nf3 c6 6. h3 Bf5 7. Bd3 Bxd3 8.
Qxd3 e6 9. Bg5 Nbd7 10. O-O-O Be7 11. Rhe1 O-O 12. Ne5 Nd5 13. Bxe7 Qxe7 14.
Kb1 Nxe5 15. Nxd5 cxd5 16. Rxe5 Rac8 17. c3 Rc4 18. Rde1 Qc7 19. Rc1 Rc8 20. g3
b5 21. a3 a5 22. Re3 b4 23. a4 b3 24. Rd1 Qc6 25. Kc1 Qxa4 26. Qb1 Rxd4 27.
Red3 Rxd3 28. Rxd3 d4 29. Kd2 dxc3+ 30. Rxc3 Rd8+ 31. Rd3 Qb4+ 32. Ke2 Qc4 33.
Kd2 Qb4+ 34. Ke2 Qe4+ 35. Kd2 Qa8 36. Rxd8+ Qxd8+ 37. Qd3 Qb8 38. Qc4 Kf8 39.
Qc5+ 1/2-1/2

[Event "XVI. DBMM Schach"]
[Site "Dresden"]
[Date "2016.11.05"]
[Round "6.2"]
[White "Astfalk, Lutz"]
[Black "Meseck, Michael"]
[Result "1-0"]
[WhiteElo "1945"]
[BlackElo "1529"]
[Annotator "br"]
[PlyCount "89"]
[EventDate "2016.11.??"]
[SourceTitle "XVI. DBMM 2016"]
[Source "FV Schach e.V."]
[SourceDate "2017.06.14"]
[SourceVersion "1"]
[SourceVersionDate "2017.06.14"]
[SourceQuality "1"]
[WhiteTeam "SG Stern Ludwigsfelde"]
[BlackTeam "BA Tempelhof Berlin III"]
[WhiteTeamCountry "GER"]
[BlackTeamCountry "GER"]

1. d4 d5 2. Nf3 e6 3. Bf4 c5 4. e3 Nf6 5. c3 a6 6. Ne5 Bd7 7. Nd2 c4 8. Be2 Be7
9. Bf3 Nc6 10. Nxd7 Qxd7 11. O-O O-O 12. e4 dxe4 13. Nxe4 Nxe4 14. Bxe4 Bf6 15.
Qf3 e5 16. Bxc6 Qxc6 17. Qxc6 bxc6 18. dxe5 Be7 19. Rad1 Rad8 20. Rd4 c5 21.
Rxc4 Rd3 22. Re1 Rfd8 23. Kf1 g5 24. Be3 R8d5 25. Ke2 Kg7 26. Ra4 g4 27. c4 Rd7
28. Rxa6 Kg8 29. Bh6 Rd8 30. Ra7 R3d7 31. Rxd7 Rxd7 32. Rd1 Rb7 33. b3 Rb8 34.
f4 gxf3+ 35. gxf3 Bf8 36. Bg5 h6 37. Rd8 Rxd8 38. Bxd8 h5 39. a4 Bh6 40. h3 Bf4
41. Bc7 f6 42. a5 fxe5 43. a6 Kg7 44. a7 Kg6 45. a8=Q 1-0

[Event "XVI. DBMM Schach"]
[Site "Dresden"]
[Date "2016.11.05"]
[Round "6.3"]
[White "Wolf, Wilfried"]
[Black "Tangermann, Erhard"]
[Result "0-1"]
[WhiteElo "1584"]
[BlackElo "1654"]
[Annotator "br"]
[PlyCount "82"]
[EventDate "2016.11.??"]
[SourceTitle "XVI. DBMM 2016"]
[Source "FV Schach e.V."]
[SourceDate "2017.06.14"]
[SourceVersion "1"]
[SourceVersionDate "2017.06.14"]
[SourceQuality "1"]
[WhiteTeam "BA Tempelhof Berlin III"]
[BlackTeam "SG Stern Ludwigsfelde"]
[WhiteTeamCountry "GER"]
[BlackTeamCountry "GER"]

1. e4 d6 2. d4 Nf6 3. Nc3 g6 4. Bc4 Bg7 5. Nge2 c6 6. f3 b5 7. Bb3 a5 8. a3 O-O
9. Be3 e5 10. dxe5 dxe5 11. Qxd8 Rxd8 12. O-O Bb7 13. Rfd1 Nbd7 14. Ng3 Bf8 15.
Rd2 Bc5 16. Bxc5 Nxc5 17. Rad1 Rxd2 18. Rxd2 Nxb3 19. cxb3 Kf8 20. Nd1 Ke7 21.
Ne3 Nd7 22. Rc2 Rd8 23. Ne2 Nf8 24. Nc1 Ne6 25. Kf2 Nd4 26. Rd2 Rd6 27. Nc2 c5
28. Ne3 Ke6 29. g4 f6 30. Kg3 Kd7 31. a4 Nf5+ 32. gxf5 Rxd2 33. axb5 gxf5 34.
Nxf5 Ke6 35. Ng7+ Kd7 36. Nh5 Ke7 37. Ng7 Bc8 38. b6 Kd8 39. Nh5 Rd6 40. f4
Rxb6 41. Nd3 Rxb3 0-1

[Event "XVI. DBMM Schach"]
[Site "Dresden"]
[Date "2016.11.05"]
[Round "6.4"]
[White "Grandt, Bernd"]
[Black "Mahler, Sonja"]
[Result "1-0"]
[WhiteElo "2033"]
[BlackElo "1553"]
[Annotator "br"]
[PlyCount "59"]
[EventDate "2016.11.??"]
[SourceTitle "XVI. DBMM 2016"]
[Source "FV Schach e.V."]
[SourceDate "2017.06.14"]
[SourceVersion "1"]
[SourceVersionDate "2017.06.14"]
[SourceQuality "1"]
[WhiteTeam "SG Stern Ludwigsfelde"]
[BlackTeam "BA Tempelhof Berlin III"]
[WhiteTeamCountry "GER"]
[BlackTeamCountry "GER"]

1. d4 d5 2. c4 c6 3. Nf3 h6 4. Nc3 e6 5. Bf4 Nf6 6. e3 Qa5 7. Nd2 Nbd7 8. Qc2
Be7 9. Be2 Nh7 10. O-O Bf6 11. Rfe1 Bh4 12. Bd3 Nhf6 13. Bd6 Ng4 14. g3 Bg5 15.
h3 Bxe3 16. fxe3 Ngf6 17. c5 Qd8 18. Rf1 h5 19. Nf3 Ng8 20. Bg6 Nh6 21. Bd3 Nf8
22. Rae1 Nd7 23. e4 Nf8 24. exd5 g5 25. dxc6 bxc6 26. Be4 Bd7 27. Ne5 f5 28.
Bxf5 Rg8 29. Bh7 Rh8 30. Bg6+ 1-0

[Event "XVI. DBMM Schach"]
[Site "Dresden"]
[Date "2016.11.05"]
[Round "6.1"]
[White "Leube, Oliver"]
[Black "Hartmann, Jens"]
[Result "1/2-1/2"]
[WhiteElo "1928"]
[BlackElo "1804"]
[Annotator "br"]
[PlyCount "32"]
[EventDate "2016.11.??"]
[SourceTitle "XVI. DBMM 2016"]
[Source "FV Schach e.V."]
[SourceDate "2017.06.14"]
[SourceVersion "1"]
[SourceVersionDate "2017.06.14"]
[SourceQuality "1"]
[WhiteTeam "Transit Hamburg II"]
[BlackTeam "Baubehörde Hamburg II"]
[WhiteTeamCountry "GER"]
[BlackTeamCountry "GER"]

1. d4 Nf6 2. c4 e5 3. dxe5 Ng4 4. Nf3 Nc6 5. Bg5 Be7 6. Bxe7 Qxe7 7. e3 Ngxe5
8. Nbd2 d6 9. Nxe5 Nxe5 10. Nf3 O-O 11. Be2 Be6 12. Qc2 f6 13. O-O f5 14. Nd4
Bd7 15. Rfe1 Ng4 16. Bf3 c6 1/2-1/2

[Event "XVI. DBMM Schach"]
[Site "Dresden"]
[Date "2016.11.05"]
[Round "6.2"]
[White "Hoffeins, Hans Werner"]
[Black "Supplieth, Joerg"]
[Result "1/2-1/2"]
[WhiteElo "1441"]
[BlackElo "1731"]
[Annotator "br"]
[PlyCount "27"]
[EventDate "2016.11.??"]
[SourceTitle "XVI. DBMM 2016"]
[Source "FV Schach e.V."]
[SourceDate "2017.06.14"]
[SourceVersion "1"]
[SourceVersionDate "2017.06.14"]
[SourceQuality "1"]
[WhiteTeam "Baubehörde Hamburg II"]
[BlackTeam "Transit Hamburg II"]
[WhiteTeamCountry "GER"]
[BlackTeamCountry "GER"]

1. Nf3 Nc6 2. g3 e5 3. d3 Nf6 4. Nbd2 b6 5. Bg2 Rb8 6. O-O Bb7 7. e4 Be7 8. a3
d6 9. Re1 h5 10. h4 Ng4 11. Nf1 Bc8 12. d4 exd4 13. Nxd4 Bd7 14. Nf5 1/2-1/2